000 00661nas a2200205 4500
001 BR8007710
003 BR-BrBNA
005 20231205084444.0
007 ta
008 230509b bl.|||p| |||| 00| 00por d
040 _aBR-BrBNA
_bpor
_cBiblioteca Nacional de Agricultura
041 _a(Pt)
072 _aF01
100 1 _aKerr, W.E.
245 1 _aFruticultura tropical em perspectiva [abacaxi, abiu, abrico, apurui, mapati, pupunha, sapota]
650 _aFRUTA TROPICAL
773 0 _tRevista Brasileira de Fruticultura (Brazil)
_xISSN 0100-2945
_g(Dec 1980), v. 2(3) p. 7-19
_wBR8007710
909 _a202311
_bLúcia
_c55
_dLúcia Elande
942 _2AGRIS
_n0
_cANA
999 _c105353
_d105353